|
|
|
|
| LEADER |
00000nam a22000007a 4500 |
| 005 |
20220322203414.0 |
| 007 |
cr|||| |||| |
| 008 |
220322s2016 ea |||||s|||| 00||0 spa d |
| 020 |
|
|
|a 978-84-9123-831-7
|
| 035 |
|
|
|a 33573
|
| 040 |
|
|
|a vLex
|
| 090 |
|
|
|c 13072
|d 13072
|
| 100 |
1 |
|
|a Rodrg̕uez Delgado, Juan Pablo
|
| 245 |
1 |
2 |
|a El periodo de responsabilidad del porteador en el transporte mart̕imo de mercanca̕s
|h [Recurso electrn̤ico] /
|c Juan Pablo Rodrg̕uez Delgado
|
| 256 |
|
|
|a Servicio en ln̕ea
|
| 260 |
|
|
|a Madrid:
|b Marcial Pons,
|c 2016
|
| 300 |
|
|
|a 1 recurso electrn̤ico
|
| 506 |
1 |
|
|a Disponible solo en los productos indicados
|d vLex Global
|d vLex Global (Academic Edition, excluding Law Schools)
|d vLex Global (U.S. Academic Edition, Law Schools)
|d vLex Global (U.S. Academic Edition, excluding Law Schools)
|d vLex Global (Academic Edition, Law Schools)
|
| 650 |
0 |
4 |
|a Derecho Internacional
|z Espaą
|
| 740 |
0 |
|
|a vLex Libros (Servicio en ln̕ea)
|
| 856 |
4 |
0 |
|u https://app.vlex.com/#/sources/33573
|z Acceso restringido
|
| 942 |
|
|
|c BOOK
|
| 999 |
0 |
|
|a International right
|